00544nam a22001692 4500001001100000005001700011008004100028040001500069100004300084245009700127250001300224260003600237300001200273600004300285650004300328852000300371000000972520151217155842.0081123s xx 000 0 eng d aKABUcKABU1 aRigby, Christopher Palmer.@000016148110aGeneral Rigby, Zanzibar and the slave trade /cedited by his daughter Charles E. B. Russell. a1st ed. aLondon :bAllen & unwin,c1935. a404 p.10aRigby, Christopher Palmer.@0000161481 0aSlave tradezAfrica, East.@00001530991